MARC details
| 000 -BAŞLIK |
| Sabit Uzunlukta Kontrol Alanı |
01217na a2200289 4500 |
| 001 - KONTROL NUMARASI |
| Denetim Alanı |
23963 |
| 003 - KONTROL NUMARASI IDENTIFIER |
| Denetim Alanı |
MIRAKIL |
| 005 - SON İŞLEM TARİHİ VE ZAMANI |
| Denetim Alanı |
20181213155325.0 |
| 008 - SABİT-BOY VERİ ELEMANLARI - GENEL BİLGİLER |
| Sabit Uzunlukta Kontrol Alanı |
180131b tu 000 0 |
| 040 ## - KATALOGLAMA KAYNAK |
| Orijinal Kataloglama Ajansı |
Milas |
| Kataloglama Dili |
tur |
| Metne Dönüştürmek Ajansı |
TR-AnCHP |
| 041 ## - DİL KODU |
| Metin / Ses Parça Veya Ayrı Başlığın Dil Kodu |
tur |
| 082 ## - DEWEY ONLU SINIFLANDIRMA NUMARASI |
| Sınıflandırma Numarası |
338.64206 |
| Ürün Numarası |
E75 1994 |
| 090 ## - SINIFLAMA NUMARASI |
| Sınıflama Numarası |
338.64206 E75 1994 |
| 111 ## - ANA GİRİŞ - TOPLANTI ADI |
| Giriş Elemanı Olarak Toplantı Adı Veya Yargı Alanı Adı |
Esnaf ve Sanatkarlar Şurası |
| Toplantının Yeri |
Ankara |
| Toplantı Veya Antlaşma İmzalandığı Tarihi |
18-19 Kasım 1994 |
| Bölüm / Bölüm / Toplantı Sayısı |
2. |
| 245 ## - BAŞLIK TABLOSU |
| Başlık |
2. Esnaf ve Sanatkarlar Şurası |
| Sorumluluk Tablosu, Vb |
düzenleyenler T.C. Sanayi ve Ticaret Bakanlığı, Türkiye Esnaf ve Sanatkarları Konfederasyonu |
| 260 ## - YAYIN, DAĞITIM, VB |
| Yayın, Dağıtım, Vb Yeri |
Ankara |
| Yayıncı, Dağıtıcı, Vs Adı |
Türkiye Esnaf ve Sanatkarları Konfederasyonu |
| Yayın, Dağıtım, Vb Tarihi |
1994 |
| 300 ## - FİZİKSEL TANIM |
| Kapsam |
495 s. |
| Diğer Fiziksel Ayrıntıları |
fotğ. |
| Boyutlar |
27 sm. |
| 440 ## - SERİSİ TABLOSU / KATMA GİRİŞİ - BAŞLIK |
| Başlık |
Türkiye Esnaf ve Sanatkarları Konfederasyonu yayınları |
| Hacim / Ardışık Tanımı |
61 |
| 505 ## - BİÇİMLENDİRİLDİ İÇİNDEKİLER NOT |
| Biçimlendirilmiş İçeriği Dikkat |
Şura Açılış oturumu tutanakları; Şura Genel Kuruluna sunulan raporlar; Şura Genel Kurulunda alınan kararlar |
| 610 ## - KONU KATMA GİRİŞ - TOPLANTI ADI |
| Giriş Elemanı Olarak Kurumsal Ad Veya Yargı Alanı Adı |
Esnaf ve Sanatkarlar Konfederasyonu |
| Genel Alt Bölüm |
Toplantılar, 1994 |
| 650 ## - KONU KATMA GİRİŞ - TOPİKAL DÖNEM |
| Topikal Süreli Veya Coğrafi Ad Giriş Elemanı |
Esnaf ve sanatkarlar |
| Genel Alt Bölümü |
Kararlar |
| 650 ## - KONU KATMA GİRİŞ - TOPİKAL DÖNEM |
| Topikal Süreli Veya Coğrafi Ad Giriş Elemanı |
Esnaf ve sanatkarlar |
| Genel Alt Bölümü |
Raporlar |
| 650 ## - KONU KATMA GİRİŞ - TOPİKAL DÖNEM |
| Topikal Süreli Veya Coğrafi Ad Giriş Elemanı |
Esnaf ve sanatkarlar |
| Genel Alt Bölümü |
Toplantılar |
| Kronolojik Alt Bölümü |
1994 |
| 710 ## - KATMA GİRİŞ - KURUMSAL ADI |
| Giriş Elemanı Olarak Kurumsal Ad Veya Yargı Alanı Adı |
T.C. Sanayi ve Ticaret Bakanlığı |
| 710 ## - KATMA GİRİŞ - KURUMSAL ADI |
| Giriş Elemanı Olarak Kurumsal Ad Veya Yargı Alanı Adı |
Türkiye Esnaf Ve Sanatkarları Federasyonu |
| 942 ## - EKLENDİ GİRİŞ ELEMANLARI (KOHA) |
| Sınıflandırma Veya Raf Düzeni Kaynak |
Dewey Decimal Classification |
| Koha Öğesi Türü |
Books |
| 999 ## - SİSTEM KONTROL NUMARALARI (KOHA) |
| Koha Biblionumber |
10525 |
| Koha Biblioitemnumber |
10525 |